| 000 | 00620nam a2200241Ia 4500 | ||
|---|---|---|---|
| 003 | OSt | ||
| 005 | 20221005081208.0 | ||
| 006 | a|||||r|||| 00| 0 | ||
| 007 | ta | ||
| 008 | 221004b |||||||| |||| 00| 0 eng d | ||
| 020 | _a8120311779 | ||
| 024 | _a45146 | ||
| 037 | _cTextual | ||
| 040 |
_aCRL _cCRL _beng |
||
| 041 |
_2eng _aeng |
||
| 100 |
_aLangsam Yedidyah and others _9610871 |
||
| 245 | 0 | _aData structures using C and C++ | |
| 250 | _aEd 2 | ||
| 260 |
_aNew Delhi _bPrentice-Hall _c2001 |
||
| 300 |
_a672p. _ccm. |
||
| 942 |
_cTEXL _2cc |
||
| 999 |
_c987307 _d987307 |
||